| 000 | 01514cam a2200385 a 4500 | ||
|---|---|---|---|
| 999 |
_c523542 _d523542 |
||
| 001 | 4489046 | ||
| 003 | NUST | ||
| 005 | 20190415114041.0 | ||
| 008 | 970408s1997 nyua b 001 0 eng | ||
| 010 | _a 97018493 | ||
| 020 | _a9780385484992 | ||
| 038 | _aArshad | ||
| 040 |
_aDLC _cDLC _dDLC |
||
| 050 | 0 | 0 |
_aQ175 _b.K157 1997 |
| 082 | 0 | 0 |
_a501.12 _bKAK |
| 100 | 1 |
_aKaku, Michio. _914113 |
|
| 245 | 1 | 0 |
_aVisions : _bhow science will revolutionize the 21st century / _cMichio Kaku. |
| 250 | _a1st Anchor Books ed. | ||
| 260 |
_aNew York : _bAnchor Books, _c1997. |
||
| 300 |
_axii, 403 p. : _bill. ; _c25 cm. |
||
| 504 | _aIncludes bibliographical references (p. [356]-393) and index. | ||
| 650 | 0 |
_aScience _xMethodology. _914114 |
|
| 650 | 0 |
_aScience _xForecasting. _914115 |
|
| 650 | 0 |
_aTechnological forecasting. _98323 |
|
| 650 | 0 |
_aQuantum theory. _9177 |
|
| 650 | 0 |
_aMolecular biology. _92446 |
|
| 650 | 0 |
_aComputers and civilization. _914116 |
|
| 650 | 0 |
_aTwenty-first century _vForecasts. _97497 |
|
| 856 | 4 | 2 |
_3Contributor biographical information _uhttp://www.loc.gov/catdir/bios/random057/97018493.html |
| 856 | 4 | 1 |
_3Sample text _uhttp://www.loc.gov/catdir/samples/random042/97018493.html |
| 856 | 4 | 2 |
_3Publisher description _uhttp://www.loc.gov/catdir/description/random046/97018493.html |
| 906 |
_a7 _bcbc _corignew _d1 _eocip _f19 _gy-gencatlg |
||
| 942 |
_2ddc _cBK |
||